<?xml version="1.0" encoding="UTF-8"?>
<record
    xmlns:xsi="http://www.w3.org/2001/XMLSchema-instance"
    xsi:schemaLocation="http://www.loc.gov/MARC21/slim http://www.loc.gov/standards/marcxml/schema/MARC21slim.xsd"
    xmlns="http://www.loc.gov/MARC21/slim">

  <leader>00824nam a2200205Ia 4500</leader>
  <controlfield tag="001">11722</controlfield>
  <controlfield tag="003">GE_BSU</controlfield>
  <controlfield tag="008">181216s||||||||xx |||||||||||||| ||und||</controlfield>
  <datafield tag="040" ind1=" " ind2=" ">
    <subfield code="c">GE_BSU</subfield>
  </datafield>
  <datafield tag="080" ind1=" " ind2=" ">
    <subfield code="a">37(479.22)(09)+316(479.22)(09)</subfield>
  </datafield>
  <datafield tag="100" ind1=" " ind2=" ">
    <subfield code="a">&#x10D2;&#x10D0;&#x10E4;&#x10E0;&#x10D8;&#x10DC;&#x10D3;&#x10D0;&#x10E8;&#x10D5;&#x10D8;&#x10DA;&#x10D8;,&#x10DB;&#x10D8;&#x10EE;&#x10D4;&#x10D8;&#x10DA;. &#x413;&#x430;&#x43F;&#x440;&#x438;&#x43D;&#x434;&#x430;&#x448;&#x432;&#x438;&#x43B;&#x438;,&#x41C;.&#x41C;.</subfield>
  </datafield>
  <datafield tag="245" ind1=" " ind2=" ">
    <subfield code="a">&#x10E5;&#x10D0;&#x10E0;&#x10D7;&#x10E3;&#x10DA;&#x10D8; &#x10D2;&#x10D0;&#x10DC;&#x10DB;&#x10D0;&#x10DC;&#x10D0;&#x10D7;&#x10DA;&#x10D4;&#x10D1;&#x10DA;&#x10DD;&#x10D1;&#x10D0;. &#x413;&#x440;&#x443;&#x437;&#x438;&#x43D;&#x441;&#x43A;&#x43E;&#x435; &#x43F;&#x440;&#x43E;&#x441;&#x432;&#x435;&#x442;&#x438;&#x442;&#x435;&#x43B;&#x44C;&#x441;&#x442;&#x432;&#x43E;.</subfield>
  </datafield>
  <datafield tag="245" ind1=" " ind2=" ">
    <subfield code="c">&#x10E0;&#x10D4;&#x10D3;:&#x10DA;.&#x10D2;&#x10DD;&#x10E0;&#x10D2;&#x10D8;&#x10DA;&#x10D0;&#x10EB;&#x10D4;; &#x10DB;&#x10EE;&#x10D0;&#x10E2;&#x10D5;:&#x10D5;.&#x10D2;&#x10D8;&#x10DD;&#x10E0;&#x10D2;&#x10DD;&#x10D1;&#x10D8;&#x10D0;&#x10DC;&#x10D8;.</subfield>
  </datafield>
  <datafield tag="260" ind1=" " ind2=" ">
    <subfield code="a">&#x10D7;&#x10D1;&#x10D8;&#x10DA;&#x10D8;&#x10E1;&#x10D8;</subfield>
  </datafield>
  <datafield tag="260" ind1=" " ind2=" ">
    <subfield code="b">&#x10DB;&#x10D4;&#x10EA;&#x10DC;&#x10D8;&#x10D4;&#x10E0;&#x10D4;&#x10D1;&#x10D0;</subfield>
  </datafield>
  <datafield tag="260" ind1=" " ind2=" ">
    <subfield code="c">1966</subfield>
  </datafield>
  <datafield tag="300" ind1=" " ind2=" ">
    <subfield code="a">322&#x10D2;&#x10D5;;22&#x10E1;&#x10DB;.</subfield>
  </datafield>
  <datafield tag="653" ind1=" " ind2=" ">
    <subfield code="a">&#x10E5;&#x10D0;&#x10E0;&#x10D7;&#x10E3;&#x10DA;&#x10D8; &#x10D2;&#x10D0;&#x10DC;&#x10DB;&#x10D0;&#x10DC;&#x10D0;&#x10D7;&#x10DA;&#x10D4;&#x10D1;&#x10DA;&#x10DD;&#x10D1;&#x10D0;</subfield>
  </datafield>
  <datafield tag="942" ind1=" " ind2=" ">
    <subfield code="c">BK</subfield>
  </datafield>
  <datafield tag="999" ind1=" " ind2=" ">
    <subfield code="c">44903</subfield>
    <subfield code="d">44903</subfield>
  </datafield>
  <datafield tag="952" ind1=" " ind2=" ">
    <subfield code="0">0</subfield>
    <subfield code="1">0</subfield>
    <subfield code="4">0</subfield>
    <subfield code="7">0</subfield>
    <subfield code="9">58626</subfield>
    <subfield code="d">2018-12-17</subfield>
    <subfield code="p">20320</subfield>
    <subfield code="r">2018-12-17</subfield>
    <subfield code="w">2018-12-17</subfield>
    <subfield code="y">BK</subfield>
  </datafield>
</record>
